Countries that were in the U.S. - Statistics

General Stats
  • This quiz has been taken 29 times
  • The average score is 10 of 12
Answer Stats
Hint Answer % Correct
Europe France
100%
Europe Spain
100%
Europe United Kingdom
100%
North America Mexico
96%
North America Canada
92%
State Texas
88%
Europe Germany
81%
Europe Neatherlands
81%
Europe Russia
81%
State California
62%
Europe Italy
62%
State Vermont
54%
No matching quizzes found
Score Distribution
Percent of People with Each Score
Percentile by Number Answered
Your Score History
You have not taken this quiz